000 00263nam a2200121Ia 4500
008 190216s9999||||xx |||||||||||||| ||und||
100 _aKathleem Jamic
245 4 _aThe Goldenperk
260 _bPenguin Books
300 _a180
650 _aEnglish
942 _cBK
999 _c13782
_d13782